000
00250 a2200097 4500
001
41783
100
_a
Compton's
245
_a
Compton's Pictured Encyclopedia & Fact Index (Vol-XIV)
260
_a
Chicago
_b
F E Compton & Co.
_c
090
_c
25894
_d
25894
942
_a
NUST-CAE
_c
M
_c
17662
999
_c
276856
_d
276856